000 00442nmm a22001697a 4500
005 20131212171956.0
008 131212b2011 -Uk||||| |||| 00| 0 spa d
020 _a2883230307
041 _aeng
_aspa
_afre
090 _aLB
_b05854
110 _aPNUMA-CMCM
_93332
245 _aLista de especies CITES
260 _aReino Unido
_bCITES
_bComisión Europea
_c2011
300 _a552 p.,
_c13 cm
505 _aIncluye contenido
942 _2z
_cCD-ROM
999 _c8037
_d8037